| 000 | 00766nam a2200253Ia 4500 | ||
|---|---|---|---|
| 003 | OSt | ||
| 005 | 20220928115636.0 | ||
| 006 | a|||||r|||| 00| 0 | ||
| 007 | ta | ||
| 008 | 220927b |||||||| |||| 00| 0 eng d | ||
| 024 | _a69346 | ||
| 037 | _cReference Collections | ||
| 040 |
_aSDCL _cSDCL _beng |
||
| 041 |
_2eng _aeng |
||
| 082 | _aO-973k, P3 RR | ||
| 100 |
_aMatterson Stephen _9445304 |
||
| 245 | 0 |
_aAmerican literature _b The essential glossary. |
|
| 260 |
_aLondon _bAnrold _c2003 |
||
| 300 |
_axi,287p Bibp287p Bibp247-86 _ccm. |
||
| 490 | _aEssential glossary series | ||
| 650 |
_aAmerican literature-glossary _9445305 |
||
| 942 |
_hO-973k, P3 RR _cREF _2CC |
||
| 999 |
_c760269 _d760269 |
||